[Event "WC-2021-S-00001"]
[Site "LSS email"]
[Date "2021.04.03"]
[Round "?"]
[White "Welle, Bernd"]
[Black "Roques, Pascal"]
[Result "1/2-1/2"]
[WhiteElo "2469"]
[BlackElo "2351"]
[PlyCount "58"]
[EventDate "2021.04.03"]
[EventType "tourn (corr)"]
[EventRounds "6"]
[EventCountry "GER"]
[SourceTitle "Corr 2024"]
[Source "ChessBase"]
[SourceDate "2023.10.19"]
[SourceVersion "1"]
[SourceVersionDate "2023.10.19"]
[SourceQuality "1"]

1. d4 Nf6 2. c4 g6 3. Nc3 d5 4. cxd5 Nxd5 5. e4 Nxc3 6. bxc3 Bg7 7. Bc4 c5 8. Ne2 0-0 9. 0-0 Nc6 10. Be3 Bd7 11. Rb1 Qc7 12. Bd3 Rad8 13. Qc1 Bc8 14. Rd1 e6 15. h4 e5 16. dxc5 Be6 17. c4 Rd7 18. Nc3 Qd8 19. Bc2 Nd4 20. h5 gxh5 21. Bxd4 Rxd4 22. Nd5 Rxc4 23. Rxb7 Qa5 24. Qb1 Rxc5 25. Bb3 Kh8 26. Qd3 Bc8 27. Re7 Bg4 28. Rb1 Qa3 29. Ne3 Bf6 1/2-1/2

[Event "WC-2021-T-00002"]
[Site "LSS email"]
[Date "2021.01.15"]
[Round "?"]
[White "Noskov, Vladimir Valentinov"]
[Black "Welle, Bernd"]
[Result "0-1"]
[WhiteElo "2416"]
[BlackElo "2469"]
[PlyCount "29"]
[EventDate "2021.01.15"]
[EventType "tourn (corr)"]
[EventRounds "10"]
[EventCountry "GER"]
[SourceTitle "Corr 2024"]
[Source "ChessBase"]
[SourceDate "2023.10.19"]
[SourceVersion "1"]
[SourceVersionDate "2023.10.19"]
[SourceQuality "1"]

1. Nf3 d5 2. d4 Nf6 3. c4 e6 4. Nc3 c6 5. Bg5 h6 6. Bh4 dxc4 7. e4 g5 8. Bg3 b5 9. Be2 Bb7 10. h4 g4 11. Ne5 Nbd7 12. 0-0 Rg8 13. Nxg4 b4 14. Na4 Nxe4 15. Bxc4 0-1

[Event "WC-2021-T-00002"]
[Site "LSS email"]
[Date "2021.01.15"]
[Round "?"]
[White "Welle, Bernd"]
[Black "Domanov, Dmitry"]
[Result "1/2-1/2"]
[WhiteElo "2469"]
[BlackElo "2410"]
[PlyCount "60"]
[EventDate "2021.01.15"]
[EventType "tourn (corr)"]
[EventRounds "10"]
[EventCountry "GER"]
[SourceTitle "Corr 2024"]
[Source "ChessBase"]
[SourceDate "2023.10.19"]
[SourceVersion "1"]
[SourceVersionDate "2023.10.19"]
[SourceQuality "1"]

1. e4 c5 2. Nf3 d6 3. d4 cxd4 4. Nxd4 Nf6 5. Nc3 a6 6. Be3 e6 7. f3 b5 8. Qd2 Nbd7 9. g4 b4 10. Nce2 h6 11. 0-0-0 Qc7 12. h4 d5 13. g5 hxg5 14. exd5 Nxd5 15. Bxg5 e5 16. Re1 Bb7 17. Nf4 N5f6 18. Bh3 0-0-0 19. Nfe6 fxe6 20. Nxe6 Qd6 21. Qe2 Re8 22. Rd1 Bd5 23. Nxf8 Rexf8 24. Qd3 Kc7 25. Bxd7 Kxd7 26. Bxf6 Rxf6 27. Qxd5 Qxd5 28. Rxd5+ Ke6 29. Ra5 Rxf3 30. Re1 Rxh4 1/2-1/2

[Event "WC-2020-S-00002"]
[Site "LSS email"]
[Date "2020.04.01"]
[Round "?"]
[White "Bonatti, Walter"]
[Black "Welle, Bernd"]
[Result "1/2-1/2"]
[WhiteElo "2418"]
[BlackElo "2461"]
[PlyCount "67"]
[EventDate "2020.04.01"]
[EventType "tourn (corr)"]
[EventRounds "12"]
[EventCountry "GER"]
[SourceTitle "Corr 2022"]
[Source "ChessBase"]
[SourceDate "2021.10.24"]
[SourceVersion "1"]
[SourceVersionDate "2021.10.24"]
[SourceQuality "1"]

1. e4 c5 2. Nf3 d6 3. d4 cxd4 4. Nxd4 Nf6 5. Nc3 a6 6. Bg5 e6 7. f4 Qb6 8. Qd2 Qxb2 9. Rb1 Qa3 10. e5 h6 11. Bh4 dxe5 12. fxe5 g5 13. Bg3 Nh5 14. Ne4 Qxa2 15. Rb3 Nd7 16. Be2 Qa1+ 17. Bd1 Nc5 18. Nxc5 Nxg3 19. hxg3 Bxc5 20. c3 Bd7 21. Rxb7 0-0-0 22. 0-0 Bb5 23. Rfxf7 Bxd4+ 24. cxd4 Qxd4+ 25. Kh2 Qg1+ 26. Kxg1 Rxd2 27. Bb3 Rd7 28. Rfxd7 Bxd7 29. Ra7 Rd8 30. Rxa6 Kb7 31. Rd6 Kc7 32. Bxe6 Bc6 33. Rxd8 Kxd8 34. Kf2 1/2-1/2

[Event "WC-2019-Q-00001"]
[Site "LSS email"]
[Date "2019.08.28"]
[Round "?"]
[White "Podvoysky, Evgeny"]
[Black "Welle, Bernd"]
[Result "1/2-1/2"]
[WhiteElo "2331"]
[BlackElo "2443"]
[PlyCount "53"]
[EventDate "2019.09.01"]
[EventType "tourn (corr)"]
[EventRounds "12"]
[EventCountry "GER"]
[SourceTitle "Corr 2022"]
[Source "ChessBase"]
[SourceDate "2021.10.24"]
[SourceVersion "1"]
[SourceVersionDate "2021.10.24"]
[SourceQuality "1"]

1. e4 c5 2. Nc3 Nc6 3. Nf3 e5 4. Bc4 Be7 5. d3 d6 6. Nd2 Nf6 7. Nf1 Bg4 8. f3 Be6 9. Ne3 0-0 10. a3 Nh5 11. Ncd5 Bg5 12. 0-0 Ne7 13. Nxe7+ Qxe7 14. a4 h6 15. Qe1 b6 16. b3 Rad8 17. Bd2 Bxe3+ 18. Bxe3 d5 19. Bb5 d4 20. Bd2 g5 21. a5 Rb8 22. axb6 axb6 23. Ra6 Qb7 24. Ra1 Qe7 25. g3 Bh3 26. Rf2 Kh7 27. Qe2 1/2-1/2

[Event "WC-2019-Q-00001"]
[Site "LSS email"]
[Date "2019.08.28"]
[Round "?"]
[White "Welle, Bernd"]
[Black "Nowak, Adam"]
[Result "1/2-1/2"]
[WhiteElo "2443"]
[BlackElo "2273"]
[PlyCount "105"]
[EventDate "2019.09.01"]
[EventType "tourn (corr)"]
[EventRounds "12"]
[EventCountry "GER"]
[SourceTitle "Corr 2022"]
[Source "ChessBase"]
[SourceDate "2021.10.24"]
[SourceVersion "1"]
[SourceVersionDate "2021.10.24"]
[SourceQuality "1"]

1. d4 d5 2. c4 c6 3. Nf3 Nf6 4. Nc3 e6 5. Bg5 Be7 6. e3 0-0 7. Bd3 Nbd7 8. 0-0 h6 9. Bh4 b6 10. cxd5 Nxd5 11. Nxd5 exd5 12. Bg3 Bb7 13. Rc1 c5 14. Ne5 c4 15. Bb1 Qe8 16. Qf3 b5 17. Qf5 Nf6 18. Bh4 Ne4 19. Bxe7 Qxe7 20. Bxe4 dxe4 21. Qd7 Qxd7 22. Nxd7 Rfc8 23. Nc5 Bd5 24. a4 Rab8 25. axb5 Rxb5 26. Na4 Be6 27. Rc2 Rcb8 28. Rb1 f5 29. Kf1 Kf7 30. Ke1 a5 31. Kd2 g5 32. Ra1 Ra8 33. g3 Ke7 34. Rh1 Rab8 35. Ra1 Ra8 36. h3 Rb4 37. Nc5 Bd5 38. Kc3 Rb5 39. Rcc1 Rab8 40. Ra2 f4 41. gxf4 gxf4 42. Rca1 fxe3 43. fxe3 Rg8 44. Rxa5 Rxa5 45. Rxa5 Rg3 46. Kd2 Rg2+ 47. Kc1 Rg1+ 48. Kc2 Rg2+ 49. Kd1 Rg1+ 50. Ke2 Rg2+ 51. Kd1 Rg1+ 52. Ke2 Rg2+ 53. Kd1 1/2-1/2

[Event "WC-2019-S-00003"]
[Site "LSS email"]
[Date "2019.04.07"]
[Round "?"]
[White "Jarabinsky, Martin"]
[Black "Welle, Bernd"]
[Result "1/2-1/2"]
[WhiteElo "2328"]
[BlackElo "2450"]
[PlyCount "61"]
[EventDate "2019.04.13"]
[EventType "tourn (corr)"]
[EventRounds "12"]
[EventCountry "GER"]
[SourceTitle "Corr 2022"]
[Source "ChessBase"]
[SourceDate "2021.10.24"]
[SourceVersion "1"]
[SourceVersionDate "2021.10.24"]
[SourceQuality "1"]

1. Nf3 d5 2. d4 Nf6 3. c4 e6 4. g3 Bb4+ 5. Bd2 Be7 6. Bg2 0-0 7. 0-0 c6 8. Qc2 Nbd7 9. Bf4 b6 10. Rd1 Ba6 11. b3 Rc8 12. Nc3 h6 13. e4 dxc4 14. Nd2 b5 15. bxc4 bxc4 16. Bf1 Bb4 17. Nxc4 c5 18. d5 Bxc4 19. Bxc4 Bxc3 20. Qxc3 e5 21. Bxe5 Nxe4 22. Qe3 Nxf2 23. Bxg7 Nh3+ 24. Kg2 Kxg7 25. Kxh3 Re8 26. Qc3+ Qf6 27. Rac1 Re5 28. d6 Nb6 29. Bxf7 Na4 30. d7 Rb8 31. Qc4 1/2-1/2

[Event "WC-2019-S-00003"]
[Site "LSS email"]
[Date "2019.04.07"]
[Round "?"]
[White "Welle, Bernd"]
[Black "Jarabinsky, Martin"]
[Result "1-0"]
[WhiteElo "2450"]
[BlackElo "2328"]
[PlyCount "75"]
[EventDate "2019.04.13"]
[EventType "tourn (corr)"]
[EventRounds "12"]
[EventCountry "GER"]
[SourceTitle "Corr 2022"]
[Source "ChessBase"]
[SourceDate "2021.10.24"]
[SourceVersion "1"]
[SourceVersionDate "2021.10.24"]
[SourceQuality "1"]

1. e4 e5 2. Nf3 Nc6 3. Bb5 a6 4. Ba4 Nf6 5. 0-0 Be7 6. Re1 b5 7. Bb3 d6 8. c3 0-0 9. h3 Nd7 10. d4 Bb7 11. Nbd2 exd4 12. cxd4 Bf6 13. Nf1 Na5 14. Bc2 Re8 15. Rb1 c5 16. d5 Nc4 17. N3h2 Nce5 18. Ng3 g6 19. b3 Nb6 20. f4 Ned7 21. Ng4 Bg7 22. a4 b4 23. a5 Nc8 24. Rf1 Na7 25. f5 Qh4 26. Ne2 Ne5 27. f6 Nxg4 28. fxg7 Ne5 29. Be3 Qd8 30. Qd2 Qxa5 31. Rf6 Nc8 32. Rbf1 Nb6 33. Bf4 Nbd7 34. Bxe5 Nxe5 35. Qh6 c4 36. Kh2 Qc5 37. bxc4 Bc8 38. Rxf7 1-0

[Event "WC-2018-Q-00010"]
[Site "LSS email"]
[Date "2018.09.16"]
[Round "?"]
[White "Oliveira, Diogo"]
[Black "Welle, Bernd"]
[Result "1/2-1/2"]
[WhiteElo "2227"]
[BlackElo "2444"]
[PlyCount "59"]
[EventDate "2018.09.22"]
[EventType "tourn (corr)"]
[EventRounds "12"]
[EventCountry "GER"]
[SourceTitle "Corr 2022"]
[Source "ChessBase"]
[SourceDate "2021.10.24"]
[SourceVersion "1"]
[SourceVersionDate "2021.10.24"]
[SourceQuality "1"]

1. Nf3 Nf6 2. c4 e6 3. Nc3 d5 4. d4 c6 5. e3 Nbd7 6. Qc2 Bd6 7. Be2 0-0 8. 0-0 Re8 9. Rd1 Qe7 10. b3 b6 11. Bb2 Bb7 12. Rac1 Rac8 13. Bf1 Nf8 14. g3 c5 15. cxd5 Nxd5 16. Nxd5 Bxd5 17. dxc5 Rxc5 18. Qe2 Rec8 19. Rxc5 Bxc5 20. Ne1 Qb7 21. Qa6 Qa8 22. Rc1 Rd8 23. Qa4 Bd6 24. Rd1 Ng6 25. Be2 h6 26. h4 Ne5 27. Bh5 Bc6 28. Qa6 Bb7 29. Qa4 Bc6 30. Qa6 1/2-1/2

[Event "WC-2018-Q-00010"]
[Site "LSS email"]
[Date "2018.09.16"]
[Round "?"]
[White "Welle, Bernd"]
[Black "Oliveira, Diogo"]
[Result "1-0"]
[WhiteElo "2444"]
[BlackElo "2227"]
[PlyCount "103"]
[EventDate "2018.09.22"]
[EventType "tourn (corr)"]
[EventRounds "12"]
[EventCountry "GER"]
[SourceTitle "Corr 2022"]
[Source "ChessBase"]
[SourceDate "2021.10.24"]
[SourceVersion "1"]
[SourceVersionDate "2021.10.24"]
[SourceQuality "1"]

1. d4 Nf6 2. c4 e6 3. Nf3 b6 4. g3 Ba6 5. Qc2 c5 6. d5 exd5 7. cxd5 Bb7 8. Bg2 Nxd5 9. 0-0 Be7 10. Rd1 Qc8 11. a3 Nc7 12. Nc3 h6 13. Bf4 0-0 14. Qf5 Nba6 15. Qxd7 Bf6 16. Ne5 Bxg2 17. Kxg2 g5 18. Ng4 Bxc3 19. Nxh6+ Kg7 20. Nf5+ Kh8 21. Bxc7 Bxb2 22. Rab1 Qxc7 23. Rxb2 Rad8 24. Qa4 Rxd1 25. Qxd1 Qe5 26. Qb1 c4 27. Ne3 Rd8 28. h3 Kg7 29. Rc2 b5 30. Ng4 Qd5+ 31. Kh2 Nc7 32. Rc3 Ne6 33. Re3 Rc8 34. Re5 Qd8 35. Rxb5 a6 36. Rf5 c3 37. Ne3 Qc7 38. Qc2 Qc6 39. Rd5 Qb6 40. Qf5 Rc5 41. Qe5+ Kg8 42. Rxc5 Qxc5 43. Qxc5 Nxc5 44. Kg2 f5 45. Kf3 Kh7 46. Nc2 Nb3 47. Ke3 Kg7 48. h4 f4+ 49. Ke4 fxg3 50. fxg3 Kg6 51. hxg5 Kxg5 52. e3 1-0

[Event "WC-2018-S-00007"]
[Site "LSS email"]
[Date "2018.08.23"]
[Round "?"]
[White "Broniek, Mariusz Maciej"]
[Black "Welle, Bernd"]
[Result "1/2-1/2"]
[WhiteElo "2412"]
[BlackElo "2444"]
[PlyCount "91"]
[EventDate "2018.09.01"]
[EventType "tourn (corr)"]
[EventRounds "12"]
[EventCountry "GER"]
[SourceTitle "Corr 2022"]
[Source "ChessBase"]
[SourceDate "2021.10.24"]
[SourceVersion "1"]
[SourceVersionDate "2021.10.24"]
[SourceQuality "1"]

1. g3 c5 2. Bg2 Nc6 3. Nf3 g6 4. c4 Bg7 5. Nc3 e6 6. d4 Nxd4 7. Nxd4 cxd4 8. Ne4 d5 9. Qa4+ Kf8 10. cxd5 exd5 11. Nc5 Bf6 12. Bf4 g5 13. Bd2 Kg7 14. h4 gxh4 15. Nd3 Ne7 16. Nf4 h5 17. gxh4 Bg4 18. Qb3 Rc8 19. Bh3 Ng6 20. Rg1 Bxh4 21. Kf1 Qf6 22. Bxg4 hxg4 23. Rxg4 Qf5 24. f3 Bd8 25. Qxb7 Rc7 26. Qxd5 Qxd5 27. Nxd5 Rc2 28. Rd1 Rh5 29. e4 Rxb2 30. Kg1 Rxa2 31. Rg2 Ra3 32. f4 Kh7 33. Be1 Rah3 34. Kf1 Ra3 35. Rxd4 Rhh3 36. Rc4 Ra1 37. Ke2 Ra2+ 38. Bd2 Nh4 39. Rf2 Ba5 40. Rd4 Bxd2 41. Rxd2 Ra4 42. e5 Kh6 43. Rd3 Ra2+ 44. Rd2 Ra1 45. f5 Rhh1 46. e6 1/2-1/2

[Event "WC-2018-S-00007"]
[Site "LSS email"]
[Date "2018.08.23"]
[Round "?"]
[White "Welle, Bernd"]
[Black "Konstantinov, Maxim"]
[Result "1/2-1/2"]
[WhiteElo "2444"]
[BlackElo "2426"]
[PlyCount "110"]
[EventDate "2018.09.01"]
[EventType "tourn (corr)"]
[EventRounds "12"]
[EventCountry "GER"]
[SourceTitle "Corr 2022"]
[Source "ChessBase"]
[SourceDate "2021.10.24"]
[SourceVersion "1"]
[SourceVersionDate "2021.10.24"]
[SourceQuality "1"]

1. e4 c5 2. Nf3 d6 3. d4 cxd4 4. Nxd4 Nf6 5. Nc3 a6 6. Be3 e6 7. f3 h5 8. Bd3 Be7 9. 0-0 Qc7 10. a4 Nc6 11. h3 Bd7 12. f4 Nb4 13. a5 Rc8 14. Nf3 Bc6 15. Bb6 Qd7 16. Qe1 0-0 17. Qg3 Bd8 18. Bxd8 Qxd8 19. e5 dxe5 20. fxe5 Nd7 21. Be4 f5 22. exf6 Nxf6 23. Bg6 Be8 24. Bxe8 Rxe8 25. Qg6 Nc6 26. Ne4 Nxe4 27. Rfd1 Qe7 28. Qxe4 Qc5+ 29. Kh2 Qf5 30. Re1 Qxe4 31. Rxe4 e5 32. c3 Rcd8 33. Ng5 Rd3 34. Ree1 Rf8 35. Re2 Rf5 36. Ne4 h4 37. Nf2 Rd6 38. b4 Ne7 39. Ng4 Rc6 40. Rd1 Ng6 41. Re3 b5 42. axb6 Rxb6 43. Red3 Kh7 44. Rd7 e4 45. Re1 Rc6 46. Ne3 Rg5 47. c4 Ne5 48. Rd4 Nd3 49. Rb1 Re6 50. Nd5 Rge5 51. c5 a5 52. bxa5 Nxc5 53. Ne3 Ra6 54. Rb5 Nd3 55. Rxe5 Nxe5 1/2-1/2

[Event "WC-2014-S-00001"]
[Site "LSS email"]
[Date "2014.10.12"]
[Round "?"]
[White "Cornel, Matei"]
[Black "Welle, Bernd"]
[Result "1/2-1/2"]
[WhiteElo "2461"]
[BlackElo "2417"]
[PlyCount "75"]
[EventDate "2014.10.15"]
[EventType "tourn (corr)"]
[EventRounds "12"]
[EventCountry "GER"]
[SourceTitle "Corr 2024"]
[Source "ChessBase"]
[SourceDate "2023.10.19"]
[SourceVersion "1"]
[SourceVersionDate "2023.10.19"]
[SourceQuality "1"]

1. e4 c5 2. Nf3 d6 3. d4 cxd4 4. Nxd4 Nf6 5. Nc3 a6 6. f3 e6 7. Be3 b5 8. Qd2 Nbd7 9. g4 b4 10. Nce2 h6 11. 0-0-0 Qc7 12. Qxb4 d5 13. Qc3 Bc5 14. Nb3 Bxe3+ 15. Qxe3 dxe4 16. fxe4 Bb7 17. Nc3 Nxg4 18. Qd4 Ngf6 19. Rg1 0-0 20. Qe3 Kh7 21. Be2 Rac8 22. Kb1 Ne5 23. Rd4 Ng6 24. Bd3 Ne5 25. Be2 Ng6 26. Qg3 e5 27. Rc4 Qe7 28. Ra4 Bc6 29. Rc4 Bb7 30. Rxc8 Rxc8 31. Bd3 Qd6 32. Na5 Qb6 33. Nc4 Qd4 34. Ne2 Qc5 35. Nc3 Rd8 36. a3 Rd4 37. Nd2 Qc7 38. Nb3 1/2-1/2